| 000 | 01383nam a2200265Ia 4500 | ||
|---|---|---|---|
| 003 | Ost | ||
| 005 | 20260507075214.0 | ||
| 008 | 260507s9999||||xx |||||||||||||| ||und|| | ||
| 020 | _a19946399579 | ||
| 040 | _cfsecg | ||
| 041 | _aara | ||
| 082 | _a330 | ||
| 100 |
_aديري، زاهد محمد _eمؤلف |
||
| 245 | 0 |
_aإدارة العنصر البشري في منظمات الأعمال الحديثة / _c زاهد محمد ديري |
|
| 260 |
_aعمان: _bدار كنوز المعرفة, _c2008 |
||
| 300 |
_a320 صفحة؛ _bإيضاحات ؛ _c24 سم |
||
| 504 | _aمراجع ص.320 | ||
| 520 | _aالتطور التاريخي لادارة الافراد الحديثة ، العلاقات الانسانية و ادارة الافراد ، الدافعية و الحاجات الانسانية ، الانماط القيادية و الماخ التنظيمي ، تحليل و توصيف الوظائف ، تقييم الاداء ، التدريب ، ترقية الافراد في المنظمات ، العلاقات العمالية ، العملية الادارية في مجال الافراد . | ||
| 653 | _aإدارة الأفراد | ||
| 653 | _aالعلاقات العامة | ||
| 653 | _aالمنظمات | ||
| 653 | _aالموارد البشرية | ||
| 700 |
_aالكسواني، سعادة راغب _eمؤلف ثانوي |
||
| 942 | _cكتاب | ||
| 999 |
_c43484 _d43484 |
||